[Event "CRO-Ch 2018"]
[Site "Pozega"]
[Date "2018.04.17"]
[Round "1.1"]
[White "Jovanovic, Zoran"]
[Black "Kuljasevic, Davorin"]
[Result "1/2-1/2"]
[WhiteElo "2536"]
[BlackElo "2538"]
[PlyCount "35"]
[EventDate "2018.??.??"]

1. e4 e5 2. Nf3 Nc6 3. Bb5 a6 4. Ba4 d6 5. O-O Bg4 6. h3 h5 7. Bxc6+ bxc6 8. d4
Bxf3 9. Qxf3 exd4 10. c3 Qf6 11. Qd3 g5 12. cxd4 g4 13. Nc3 Ne7 14. Re1 Qg6 15.
Ne2 gxh3 16. Nf4 Qg4 17. Qxh3 Qxh3 18. Nxh3 1/2-1/2

[Event "CRO-Ch 2018"]
[Site "Pozega"]
[Date "2018.04.17"]
[Round "1.2"]
[White "Palac, Mladen"]
[Black "Brkic, Ante"]
[Result "1/2-1/2"]
[WhiteElo "2551"]
[BlackElo "2596"]
[PlyCount "50"]
[EventDate "2018.??.??"]

1. Nf3 Nf6 2. c4 e6 3. Nc3 d5 4. d4 c5 5. cxd5 cxd4 6. Qxd4 exd5 7. e4 Nc6 8.
Bb5 dxe4 9. Qxd8+ Kxd8 10. Ng5 Be6 11. O-O Bb4 12. Ngxe4 Nxe4 13. Nxe4 Ke7 14.
Be3 Rhd8 15. Bxc6 bxc6 16. a3 Bd6 17. Nxd6 Kxd6 18. Rfd1+ Kc7 19. Rxd8 Kxd8 20.
Bd4 f6 21. Re1 Ke7 22. Bc5+ Kf7 23. f3 a5 24. Rd1 Bd5 25. Kf2 Rb8 1/2-1/2

[Event "CRO-Ch 2018"]
[Site "Pozega"]
[Date "2018.04.17"]
[Round "1.3"]
[White "Fercec, Nenad"]
[Black "Bosiocic, Marin"]
[Result "1/2-1/2"]
[WhiteElo "2446"]
[BlackElo "2605"]
[PlyCount "42"]
[EventDate "2018.??.??"]

1. e4 c5 2. Nf3 e6 3. d4 cxd4 4. Nxd4 Nc6 5. Nc3 Qc7 6. Be3 a6 7. Qf3 Ne5 8.
Qg3 h5 9. f4 Ng4 10. Bg1 b5 11. h3 b4 12. Nd5 exd5 13. hxg4 Nf6 14. e5 Nxg4 15.
Be2 d6 16. e6 Nf6 17. f5 Qe7 18. Nc6 Qb7 19. Nd4 Qe7 20. Nc6 Qb7 21. Nd4 Qe7
1/2-1/2

[Event "CRO-Ch 2018"]
[Site "Pozega"]
[Date "2018.04.17"]
[Round "1.4"]
[White "Kozul, Zdenko"]
[Black "Saric, Ivan"]
[Result "0-1"]
[WhiteElo "2611"]
[BlackElo "2677"]
[PlyCount "86"]
[EventDate "2018.??.??"]

1. d4 Nf6 2. c4 g6 3. Nc3 Bg7 4. e4 d6 5. Nf3 O-O 6. Be2 e5 7. O-O Nc6 8. d5
Ne7 9. b4 Nh5 10. g3 f5 11. Ng5 Nf6 12. Bf3 Kh8 13. b5 a6 14. a4 h6 15. Ne6
Bxe6 16. dxe6 fxe4 17. Bxe4 Nxe4 18. Nxe4 Qc8 19. Qg4 axb5 20. cxb5 Rf5 21. Rd1
Qxe6 22. b6 h5 23. Qh4 d5 24. bxc7 dxe4 25. Rd8+ Rf8 26. Ba3 Bf6 27. Rxf8+ Rxf8
28. Qxe4 Rc8 29. Qxb7 Qc6 30. Qxc6 Nxc6 31. Bd6 Nd4 32. Rd1 Kg7 33. f4 e4 34.
Kf2 Nf5 35. a5 Kf7 36. a6 Bd4+ 37. Ke2 Ke6 38. Be5 Bxe5 39. fxe5 Rxc7 40. Ra1
Nd4+ 41. Kf1 Rf7+ 42. Kg2 Ra7 43. Kf2 e3+ 0-1

[Event "CRO-Ch 2018"]
[Site "Pozega"]
[Date "2018.04.17"]
[Round "1.5"]
[White "Saric, Ante"]
[Black "Kovacevic, Blazimir"]
[Result "1/2-1/2"]
[WhiteElo "2541"]
[BlackElo "2493"]
[PlyCount "41"]
[EventDate "2018.??.??"]

1. Nf3 Nf6 2. c4 e6 3. g3 d5 4. b3 d4 5. Bg2 c5 6. e3 Nc6 7. exd4 cxd4 8. O-O
Bd6 9. Ba3 O-O 10. d3 e5 11. b4 Re8 12. b5 Na5 13. Re1 Bf5 14. Nh4 Bg4 15. Qd2
Bc7 16. Bb4 a6 17. Na3 axb5 18. Nxb5 Nc6 19. a3 Bb8 20. h3 Be6 21. Nf3 1/2-1/2

[Event "CRO-Ch 2018"]
[Site "Pozega"]
[Date "2018.04.17"]
[Round "1.6"]
[White "Stevic, Hrvoje"]
[Black "Martinovic, Sasa"]
[Result "1/2-1/2"]
[WhiteElo "2587"]
[BlackElo "2594"]
[PlyCount "55"]
[EventDate "2018.??.??"]

1. e4 c5 2. Nf3 e6 3. d4 cxd4 4. Nxd4 Nf6 5. Nc3 Nc6 6. Ndb5 d6 7. Bf4 e5 8.
Bg5 a6 9. Na3 b5 10. Nd5 Be7 11. Bxf6 Bxf6 12. c3 Bg5 13. Nc2 Ne7 14. a4 bxa4
15. Ncb4 O-O 16. Qxa4 a5 17. Bb5 Nxd5 18. Nxd5 Be6 19. Bc6 Rb8 20. b4 axb4 21.
cxb4 Bxd5 22. Bxd5 Qb6 23. O-O Qxb4 24. Qxb4 Rxb4 25. Ra6 Be7 26. Ra7 Bd8 27.
Rd7 Bb6 28. Rxd6 1/2-1/2

[Event "CRO-Ch 2018"]
[Site "Pozega"]
[Date "2018.04.18"]
[Round "2.1"]
[White "Kuljasevic, Davorin"]
[Black "Martinovic, Sasa"]
[Result "1/2-1/2"]
[WhiteElo "2538"]
[BlackElo "2594"]
[PlyCount "70"]
[EventDate "2018.??.??"]
[WhiteClock "1:30:00"]
[BlackClock "1:30:00"]

1. d4 Nf6 2. c4 e6 3. Nf3 d5 4. Nc3 dxc4 5. e4 Bb4 6. Bg5 c5 7. Bxc4 cxd4 8.
Nxd4 Bxc3+ 9. bxc3 Qa5 10. Bb5+ Nbd7 11. Bxf6 Qxc3+ 12. Kf1 gxf6 13. h4 Qb4 14.
Rh3 a6 15. Be2 Qd6 16. Rb1 Ne5 17. Rc3 O-O 18. h5 Rd8 19. Rg3+ Kf8 20. Qe1 Bd7
21. Rd1 Qb6 22. Rb3 Qc5 23. Rc3 Qb6 24. Rb3 Qc5 25. Rxb7 Ba4 26. Nb3 Qc6 27.
Qb4+ Kg8 28. Rxd8+ Rxd8 29. Rb8 Rxb8 30. Qxb8+ Kg7 31. h6+ Kxh6 32. Qf8+ Kg6
33. Qg8+ Kh6 34. Qf8+ Kg6 35. Qg8+ Kh6 1/2-1/2

[Event "CRO-Ch 2018"]
[Site "Pozega"]
[Date "2018.04.18"]
[Round "2.2"]
[White "Kovacevic, Blazimir"]
[Black "Stevic, Hrvoje"]
[Result "1/2-1/2"]
[WhiteElo "2493"]
[BlackElo "2587"]
[PlyCount "70"]
[EventDate "2018.??.??"]
[WhiteClock "1:30:00"]
[BlackClock "1:30:00"]

1. d4 d5 2. Nf3 Nf6 3. g3 c6 4. Bg2 Bf5 5. c4 e6 6. Nc3 h6 7. Qb3 Qb6 8. c5
Qxb3 9. axb3 Na6 10. Bf4 Nd7 11. h4 f6 12. h5 e5 13. dxe5 fxe5 14. Nxe5 Naxc5
15. Nxd7 Bxd7 16. O-O-O Nxb3+ 17. Kc2 Nc5 18. e4 O-O-O 19. exd5 Bf5+ 20. Kd2
Nd3 21. Bh3 Bxh3 22. Kxd3 Bg2 23. Rhe1 Bf3 24. Ra1 Bc5 25. Be3 Bxe3 26. Rxe3
Bxd5 27. Rxa7 Bf7+ 28. Kc2 Kb8 29. Ra5 Rd7 30. Rae5 Rhd8 31. Ne4 Rd5 32. Re7
R8d7 33. Rxd7 Rxd7 34. g4 Bd5 35. Nc3 Rf7 1/2-1/2

[Event "CRO-Ch 2018"]
[Site "Pozega"]
[Date "2018.04.18"]
[Round "2.3"]
[White "Saric, Ivan"]
[Black "Saric, Ante"]
[Result "1-0"]
[WhiteElo "2677"]
[BlackElo "2541"]
[PlyCount "67"]
[EventDate "2018.??.??"]
[WhiteClock "1:30:00"]
[BlackClock "1:30:00"]

1. e4 c5 2. Nf3 Nc6 3. Bb5 g6 4. Bxc6 bxc6 5. O-O Bg7 6. Re1 Nh6 7. c3 O-O 8.
d4 cxd4 9. cxd4 d5 10. e5 f6 11. e6 Nf5 12. Nc3 Qd6 13. Qe2 Qb4 14. a3 Qb3 15.
h4 a5 16. Bf4 Ba6 17. Qd2 h5 18. Rac1 Rfc8 19. Ne2 a4 20. Rc3 Qb6 21. Ng3 Nxg3
22. Bxg3 Bc4 23. Qc2 Kh7 24. Bf4 c5 25. Re5 fxe5 26. Ng5+ Kg8 27. Bxe5 Rf8 28.
Qxg6 Rf6 29. Bxf6 exf6 30. Qf7+ Kh8 31. Qxh5+ Kg8 32. Qf7+ Kh8 33. e7 fxg5 34.
hxg5 1-0

[Event "CRO-Ch 2018"]
[Site "Pozega"]
[Date "2018.04.18"]
[Round "2.4"]
[White "Bosiocic, Marin"]
[Black "Kozul, Zdenko"]
[Result "1/2-1/2"]
[WhiteElo "2605"]
[BlackElo "2611"]
[PlyCount "100"]
[EventDate "2018.??.??"]
[WhiteClock "1:30:00"]
[BlackClock "1:30:00"]

1. e4 c5 2. Nf3 d6 3. d4 cxd4 4. Nxd4 Nf6 5. Nc3 Nc6 6. Bg5 e6 7. Qd2 Qb6 8.
Bxf6 gxf6 9. Nb3 a6 10. O-O-O Qc7 11. Be2 h5 12. f4 b5 13. a3 Rb8 14. Kb1 b4
15. axb4 Nxb4 16. Nb5 Qxc2+ 17. Qxc2 Nxc2 18. Nxd6+ Bxd6 19. Rxd6 Nb4 20. Na5
Bb7 21. Bf3 Ba8 22. Rc1 O-O 23. Rc7 Rfd8 24. Rxd8+ Rxd8 25. Nb7 Bxb7 26. Rxb7
a5 27. Rb5 Rd2 28. Rxh5 Nd3 29. Rb5 Nxf4 30. Rxa5 Nxg2 31. Rc5 Ne1 32. Rc3 Rxh2
33. Bd1 Rd2 34. Kc1 Rd4 35. Be2 Kf8 36. Rc4 Rxc4+ 37. Bxc4 Ke7 38. Kd2 Nf3+ 39.
Kc3 Kd6 40. b4 Kc6 41. Be2 Ng5 42. Kd4 e5+ 43. Ke3 Ne6 44. Bc4 Nd4 45. Kd3 f5
46. Bxf7 f4 47. Kc4 Nc2 48. b5+ Kb6 49. Kd5 f3 50. Kxe5 f2 1/2-1/2

[Event "CRO-Ch 2018"]
[Site "Pozega"]
[Date "2018.04.18"]
[Round "2.5"]
[White "Brkic, Ante"]
[Black "Fercec, Nenad"]
[Result "1-0"]
[WhiteElo "2596"]
[BlackElo "2446"]
[PlyCount "51"]
[EventDate "2018.??.??"]
[WhiteClock "1:30:00"]
[BlackClock "1:30:00"]

1. e4 c5 2. Nf3 d6 3. d4 Nf6 4. Nc3 cxd4 5. Nxd4 a6 6. a3 g6 7. f3 Bg7 8. Be3
Nc6 9. Qd2 O-O 10. O-O-O Nxd4 11. Bxd4 b5 12. h4 h5 13. Nd5 Nxd5 14. exd5 Bxd4
15. Qxd4 Qc7 16. g4 Qc5 17. Qf4 Kg7 18. Bd3 e5 19. dxe6 Bxe6 20. Rhe1 Rac8 21.
Rxe6 fxe6 22. Qe4 Kf6 23. Re1 e5 24. Qxg6+ Ke7 25. Bf5 Rc7 26. Qe6+ 1-0

[Event "CRO-Ch 2018"]
[Site "Pozega"]
[Date "2018.04.18"]
[Round "2.6"]
[White "Jovanovic, Zoran"]
[Black "Palac, Mladen"]
[Result "1-0"]
[WhiteElo "2536"]
[BlackElo "2551"]
[PlyCount "103"]
[EventDate "2018.??.??"]
[WhiteClock "1:27:00"]
[BlackClock "1:30:00"]

1. e4 c5 2. Nf3 d6 3. Bb5+ Nd7 4. d4 cxd4 5. Qxd4 a6 6. Bxd7+ Bxd7 7. Nc3 Rc8
8. e5 dxe5 9. Nxe5 Nf6 10. Bf4 Bb5 11. Qxd8+ Rxd8 12. a4 Bc6 13. Nxc6 bxc6 14.
Ke2 e6 15. Rhd1 Nd5 16. Nxd5 cxd5 17. c4 Bd6 18. Bxd6 Rxd6 19. cxd5 exd5 20. b4
Kd7 21. Rd4 Ke6 22. Rc1 Rb8 23. Rc5 Rdb6 24. Rcxd5 Rxb4 25. Rd6+ Ke7 26. Rxb4
Rxb4 27. Rxa6 Rb2+ 28. Ke3 Rb3+ 29. Kf4 Rb2 30. Kg3 Rb3+ 31. f3 Ra3 32. h4 Ra2
33. h5 h6 34. Kh3 Ra3 35. Kg4 Ra2 36. g3 Ra3 37. Kf4 Rb3 38. g4 Rb4+ 39. Ke5
Rb3 40. Ra7+ Ke8 41. f4 Re3+ 42. Kf5 Re6 43. a5 Kf8 44. Rb7 Ra6 45. Rb5 g6+ 46.
Ke4 f5+ 47. gxf5 gxh5 48. f6 Kf7 49. Rb7+ Ke8 50. Kf5 h4 51. Kg6 h3 52. Kg7 1-0

[Event "CRO-Ch 2018"]
[Site "Pozega"]
[Date "2018.04.19"]
[Round "3.1"]
[White "Palac, Mladen"]
[Black "Kuljasevic, Davorin"]
[Result "1/2-1/2"]
[WhiteElo "2551"]
[BlackElo "2538"]
[PlyCount "33"]
[EventDate "2018.??.??"]
[WhiteClock "1:25:00"]
[BlackClock "1:31:00"]

1. e4 e5 2. Nf3 Nc6 3. Bb5 a6 4. Ba4 Nf6 5. O-O Be7 6. Re1 b5 7. Bb3 d6 8. c3
O-O 9. h3 Re8 10. Ng5 Rf8 11. Nf3 Re8 12. d4 Bb7 13. Ng5 Rf8 14. Nf3 Re8 15.
Nbd2 Bf8 16. a3 g6 17. Ba2 1/2-1/2

[Event "CRO-Ch 2018"]
[Site "Pozega"]
[Date "2018.04.19"]
[Round "3.2"]
[White "Fercec, Nenad"]
[Black "Jovanovic, Zoran"]
[Result "1/2-1/2"]
[WhiteElo "2446"]
[BlackElo "2536"]
[PlyCount "36"]
[EventDate "2018.??.??"]
[WhiteClock "1:29:00"]
[BlackClock "1:25:00"]

1. e4 g6 2. d4 Bg7 3. Nc3 c6 4. Nf3 d6 5. h3 Nf6 6. Bd3 O-O 7. O-O Nbd7 8. Re1
e5 9. Bf1 Qc7 10. Be3 b5 11. dxe5 dxe5 12. Nd2 a6 13. a4 Bb7 14. f3 Nh5 15. Nb3
Rfd8 16. Qe2 Nf4 17. Qf2 Ne6 18. Ne2 Bf8 1/2-1/2

[Event "CRO-Ch 2018"]
[Site "Pozega"]
[Date "2018.04.19"]
[Round "3.3"]
[White "Kozul, Zdenko"]
[Black "Brkic, Ante"]
[Result "1-0"]
[WhiteElo "2611"]
[BlackElo "2596"]
[PlyCount "79"]
[EventDate "2018.??.??"]
[WhiteClock "1:29:00"]
[BlackClock "1:25:00"]

1. Nf3 Nf6 2. c4 e6 3. g3 d5 4. b3 Be7 5. Bb2 a5 6. Bg2 a4 7. Na3 O-O 8. O-O b6
9. Ne5 Bb7 10. d3 Nbd7 11. Nxd7 Qxd7 12. Qd2 c5 13. Rab1 Bc6 14. Bxf6 Bxf6 15.
b4 cxb4 16. Qxb4 Be7 17. Qb2 Bxa3 18. Qxa3 dxc4 19. Bxc6 Qxc6 20. Rfc1 b5 21.
dxc4 bxc4 22. Rb4 Rfc8 23. Qc3 Qd6 24. Rxc4 Rxc4 25. Qxc4 g6 26. Qe4 Ra5 27. e3
Qd2 28. Rc8+ Kg7 29. Qc2 Rd5 30. Qc3+ Kh6 31. Rc7 Qxa2 32. Rxf7 Rf5 33. Qg7+
Kg5 34. f3 Rxf7 35. h4+ Kh5 36. Qxf7 Qa1+ 37. Kg2 Kh6 38. g4 g5 39. f4 Qb2+ 40.
Kh3 1-0

[Event "CRO-Ch 2018"]
[Site "Pozega"]
[Date "2018.04.19"]
[Round "3.4"]
[White "Saric, Ante"]
[Black "Bosiocic, Marin"]
[Result "1/2-1/2"]
[WhiteElo "2541"]
[BlackElo "2605"]
[PlyCount "98"]
[EventDate "2018.??.??"]
[WhiteClock "1:23:00"]
[BlackClock "1:28:00"]

1. Nf3 Nf6 2. c4 b6 3. b3 Bb7 4. Bb2 Bxf3 5. gxf3 e6 6. f4 g6 7. Bg2 Nc6 8. Nc3
Bg7 9. Rc1 O-O 10. e3 Rb8 11. Ne2 Ne7 12. Ng3 c5 13. d4 cxd4 14. Bxd4 Nc6 15.
Bc3 Qe7 16. O-O Rfd8 17. Qe2 Ne8 18. Rfd1 f5 19. Bxg7 Qxg7 20. c5 Rdc8 21. Qd2
Nf6 22. Qd6 Qf8 23. cxb6 Rxb6 24. Rc4 Qxd6 25. Rxd6 Kf8 26. Ne2 Ke7 27. Rd2 Kd8
28. Ra4 a6 29. Bf3 Rc7 30. Kg2 Kc8 31. Rc4 d5 32. Rc3 Ne8 33. h4 Nb4 34. a3 Nc6
35. Rdc2 Kd7 36. b4 a5 37. bxa5 Nxa5 38. Nd4 Rxc3 39. Rxc3 Nd6 40. Rc5 Ra6 41.
h5 gxh5 42. Rc1 Nac4 43. Rh1 Ne8 44. Rxh5 Nf6 45. Rg5 Nxa3 46. Rg7+ Ke8 47. Be2
Rb6 48. Bd3 h5 49. Ra7 Nc4 1/2-1/2

[Event "CRO-Ch 2018"]
[Site "Pozega"]
[Date "2018.04.19"]
[Round "3.6"]
[White "Martinovic, Sasa"]
[Black "Kovacevic, Blazimir"]
[Result "1/2-1/2"]
[WhiteElo "2594"]
[BlackElo "2493"]
[PlyCount "37"]
[EventDate "2018.??.??"]
[WhiteClock "1:32:00"]
[BlackClock "1:21:00"]

1. d4 e6 2. e4 d5 3. Bd3 dxe4 4. Bxe4 Nf6 5. Bf3 Bd6 6. Ne2 O-O 7. Na3 Bxa3 8.
bxa3 e5 9. Bg5 Nbd7 10. O-O h6 11. Bxf6 Qxf6 12. Rb1 c6 13. Re1 exd4 14. Qxd4
Ne5 15. Be4 Rd8 16. Qc3 Ng4 17. Bf3 Ne5 18. Be4 Ng4 19. Bf3 1/2-1/2

[Event "CRO-Ch 2018"]
[Site "Pozega"]
[Date "2018.04.20"]
[Round "4.1"]
[White "Kuljasevic, Davorin"]
[Black "Kovacevic, Blazimir"]
[Result "1/2-1/2"]
[WhiteElo "2538"]
[BlackElo "2493"]
[PlyCount "111"]
[EventDate "2018.??.??"]
[WhiteClock "1:30:00"]
[BlackClock "1:30:00"]

1. d4 Nf6 2. c4 e6 3. Nf3 d5 4. Nc3 Nbd7 5. Qc2 dxc4 6. e4 c5 7. dxc5 Bxc5 8.
Bxc4 Qc7 9. Qe2 Ne5 10. Bb5+ Bd7 11. Bf4 Bd6 12. O-O-O Nd3+ 13. Rxd3 Bxf4+ 14.
Kb1 O-O 15. g3 Bh6 16. Rhd1 Bc6 17. Bxc6 bxc6 18. Nd2 Bxd2 19. R1xd2 Rad8 20.
f3 h6 21. Qe3 Rxd3 22. Rxd3 Rb8 23. Qc5 Qb7 24. b3 Qa6 25. Kc2 Rc8 26. g4 Nh7
27. h4 Nf8 28. h5 Nh7 29. e5 Nf8 30. a4 Rb8 31. Ne4 Nh7 32. f4 Nf8 33. g5 hxg5
34. fxg5 Qb7 35. Nd6 Qe7 36. Ne4 Qb7 37. Rc3 Nd7 38. Qxc6 Qb4 39. g6 Nxe5 40.
Qc8+ Rxc8 41. Rxc8+ Qf8 42. gxf7+ Nxf7 43. Rxf8+ Kxf8 44. Kc3 Ke7 45. Kd4 Kd7
46. Kc5 Ne5 47. Kb5 Kc7 48. b4 Nd3 49. Nc5 Nf4 50. Ka6 Kb8 51. b5 Nxh5 52. a5
Nf6 53. b6 axb6 54. axb6 g5 55. Kb5 Nd5 56. Nxe6 1/2-1/2

[Event "CRO-Ch 2018"]
[Site "Pozega"]
[Date "2018.04.20"]
[Round "4.2"]
[White "Saric, Ivan"]
[Black "Martinovic, Sasa"]
[Result "1-0"]
[WhiteElo "2677"]
[BlackElo "2594"]
[PlyCount "97"]
[EventDate "2018.??.??"]
[WhiteClock "1:26:00"]
[BlackClock "1:30:00"]

1. e4 e6 2. d4 d5 3. Nc3 Bb4 4. e5 Ne7 5. a3 Bxc3+ 6. bxc3 c5 7. Qg4 Qc7 8.
Qxg7 Rg8 9. Qxh7 cxd4 10. Ne2 Nbc6 11. f4 dxc3 12. h4 Bd7 13. h5 O-O-O 14. Qd3
d4 15. h6 Rg6 16. h7 Rh8 17. Nxd4 Nxd4 18. Qxd4 Bc6 19. Rh2 Rg7 20. Qxa7 Rgxh7
21. Rxh7 Rxh7 22. Qa8+ Qb8 23. Qxb8+ Kxb8 24. Be3 Rh1 25. Kf2 Nd5 26. Rd1 Ba4
27. Be2 Rh2 28. Rxd5 exd5 29. Bd3 d4 30. Bxd4 Bc6 31. Bf1 Be4 32. Bxc3 Bxc2 33.
Bc4 Rh7 34. g4 Rh3 35. Bb4 Bd1 36. Bxf7 Bxg4 37. e6 Rf3+ 38. Kg2 Re3 39. e7 Bd7
40. Kf2 Re4 41. Bd6+ Ka7 42. Be5 Kb6 43. e8=Q Bxe8 44. Bxe8 Kc5 45. Kf3 Re1 46.
a4 b6 47. Kg4 Rg1+ 48. Kf5 Rg8 49. Bd7 1-0

[Event "CRO-Ch 2018"]
[Site "Pozega"]
[Date "2018.04.20"]
[Round "4.4"]
[White "Brkic, Ante"]
[Black "Saric, Ante"]
[Result "1/2-1/2"]
[WhiteElo "2596"]
[BlackElo "2541"]
[PlyCount "39"]
[EventDate "2018.??.??"]
[WhiteClock "1:29:00"]
[BlackClock "1:30:00"]

1. e4 c5 2. Nf3 Nc6 3. d4 cxd4 4. Nxd4 g6 5. c4 Bg7 6. Be3 Nf6 7. Nc3 d6 8. Be2
O-O 9. O-O Bd7 10. Qd2 Nxd4 11. Bxd4 Bc6 12. f3 a5 13. b3 Nd7 14. Be3 Nc5 15.
Rab1 Qb6 16. Rfc1 Rfc8 17. Rc2 Qb4 18. Qc1 Qb6 19. Qd2 Qb4 20. Qc1 1/2-1/2

[Event "CRO-Ch 2018"]
[Site "Pozega"]
[Date "2018.04.20"]
[Round "4.5"]
[White "Jovanovic, Zoran"]
[Black "Kozul, Zdenko"]
[Result "1/2-1/2"]
[WhiteElo "2536"]
[BlackElo "2611"]
[PlyCount "91"]
[EventDate "2018.??.??"]
[WhiteClock "1:26:00"]
[BlackClock "1:30:00"]

1. e4 c5 2. Nf3 e6 3. g3 b6 4. Bg2 Bb7 5. Qe2 Nf6 6. d3 d6 7. O-O Be7 8. c4 Nc6
9. Rd1 e5 10. Nc3 h5 11. Nd5 Nd7 12. a3 Nf8 13. b4 Ne6 14. Be3 g5 15. h3 Bc8
16. b5 Na5 17. Rab1 Nb7 18. a4 Bd7 19. Rb2 f6 20. Nh2 Nd4 21. Bxd4 cxd4 22. Bf3
h4 23. Bg4 Kf7 24. Bxd7 Qxd7 25. g4 Rhc8 26. Ra1 Bd8 27. Nb4 Nc5 28. Nf3 a5 29.
Nd5 Rab8 30. Nd2 Ne6 31. Qf3 Ng7 32. Nb3 Rb7 33. Rf1 Be7 34. Nc1 Rbb8 35. Qd1
Ne6 36. Ne2 Rh8 37. Qb3 Nc5 38. Qa3 Ne6 39. Qa2 Kg7 40. Nc1 Bd8 41. Nb3 Rc8 42.
Qb1 Rf8 43. Qd1 Kg6 44. Rc2 Rc5 45. Qf3 Ng7 46. Rfc1 1/2-1/2

[Event "CRO-Ch 2018"]
[Site "Pozega"]
[Date "2018.04.20"]
[Round "4.6"]
[White "Palac, Mladen"]
[Black "Fercec, Nenad"]
[Result "1/2-1/2"]
[WhiteElo "2551"]
[BlackElo "2446"]
[PlyCount "81"]
[EventDate "2018.??.??"]
[WhiteClock "1:20:00"]
[BlackClock "1:30:00"]

1. e4 e5 2. Nf3 Nc6 3. Bb5 a6 4. Ba4 Nf6 5. O-O Be7 6. Re1 b5 7. Bb3 d6 8. c3
O-O 9. h3 Nb8 10. d4 Nbd7 11. Bc2 Bb7 12. Nbd2 Re8 13. a4 Bf8 14. Bd3 c6 15.
Qc2 g6 16. b3 Bg7 17. Bb2 Nh5 18. Bf1 Nf4 19. b4 Nb6 20. axb5 axb5 21. Rxa8
Bxa8 22. dxe5 dxe5 23. c4 bxc4 24. Nxc4 Nxc4 25. Bxc4 Qe7 26. Qb3 h6 27. h4 Rb8
28. Bc3 Bb7 29. g3 Nh3+ 30. Kg2 Bc8 31. Rh1 Qa7 32. Qb2 Qd7 33. Qe2 Qg4 34. Qe3
Nf4+ 35. Kg1 Be6 36. Bf1 f6 37. Rh2 Rd8 38. Kh1 Rd1 39. Ne1 f5 40. gxf4 exf4
41. Qc5 1/2-1/2

[Event "CRO-Ch 2018"]
[Site "Pozega"]
[Date "2018.04.21"]
[Round "5.1"]
[White "Fercec, Nenad"]
[Black "Kuljasevic, Davorin"]
[Result "0-1"]
[WhiteElo "2446"]
[BlackElo "2538"]
[PlyCount "76"]
[EventDate "2018.??.??"]
[WhiteClock "1:30:00"]
[BlackClock "1:30:00"]

1. e4 e5 2. Nf3 Nc6 3. Bb5 a6 4. Ba4 Nf6 5. d3 b5 6. Bb3 Be7 7. Nc3 d6 8. a4 b4
9. Nd5 Na5 10. Nxf6+ Bxf6 11. Ba2 O-O 12. O-O Rb8 13. Be3 Be6 14. Nd2 Bxa2 15.
Rxa2 d5 16. Ba7 Rb7 17. Bc5 Re8 18. c3 bxc3 19. bxc3 Qd7 20. Qc2 Reb8 21. g3
Nc6 22. Nf3 Qe6 23. Kg2 dxe4 24. dxe4 Na5 25. Rd1 h6 26. Rd5 Nc4 27. Qe2 c6 28.
Rd1 a5 29. Rc2 Nb2 30. Rd6 Qb3 31. Rxf6 gxf6 32. Nh4 Kh7 33. Nf5 Rg8 34. Qh5
Rg6 35. Re2 Nd3 36. Be3 Nf4+ 37. Bxf4 exf4 38. Qf3 Qd1 0-1

[Event "CRO-Ch 2018"]
[Site "Pozega"]
[Date "2018.04.21"]
[Round "5.2"]
[White "Kozul, Zdenko"]
[Black "Palac, Mladen"]
[Result "1/2-1/2"]
[WhiteElo "2611"]
[BlackElo "2551"]
[PlyCount "20"]
[EventDate "2018.??.??"]
[WhiteClock "1:30:00"]
[BlackClock "1:30:00"]

1. c4 Nf6 2. g3 c6 3. Bg2 d5 4. cxd5 cxd5 5. Nf3 Nc6 6. d4 Bf5 7. O-O e6 8. Nc3
Be7 9. Bg5 O-O 10. e3 Ne4 1/2-1/2

[Event "CRO-Ch 2018"]
[Site "Pozega"]
[Date "2018.04.21"]
[Round "5.3"]
[White "Saric, Ante"]
[Black "Jovanovic, Zoran"]
[Result "1/2-1/2"]
[WhiteElo "2541"]
[BlackElo "2536"]
[PlyCount "83"]
[EventDate "2018.??.??"]
[WhiteClock "1:30:00"]
[BlackClock "1:30:00"]

1. d4 d6 2. Nf3 g6 3. g3 Bg7 4. Bg2 c5 5. O-O cxd4 6. Nxd4 Qb6 7. Be3 Qa5 8. c4
Nf6 9. Qb3 Nbd7 10. Qb5 Qc7 11. Nc3 a6 12. Qb4 O-O 13. Rac1 Nc5 14. Nb3 a5 15.
Qa3 Nxb3 16. Qxb3 Bd7 17. Nb5 Qb8 18. Bb6 Rc8 19. Qe3 Ra6 20. h3 Bc6 21. b3 Nd7
22. Bd4 Re8 23. Bxg7 Kxg7 24. Rfd1 Nf6 25. Rd4 Qc8 26. Nc3 Qe6 27. Qd2 Raa8 28.
e4 Qc8 29. Re1 Nd7 30. h4 h5 31. Qe3 Nf6 32. Qd2 Qc7 33. Nd5 Bxd5 34. exd5 Qc5
35. Qb2 Kg8 36. Bf1 Qb4 37. Re3 Ng4 38. a3 Qc5 39. Re1 Ne5 40. Re3 Ng4 41. Re2
Ne5 42. Re3 1/2-1/2

[Event "CRO-Ch 2018"]
[Site "Pozega"]
[Date "2018.04.21"]
[Round "5.4"]
[White "Stevic, Hrvoje"]
[Black "Brkic, Ante"]
[Result "1/2-1/2"]
[WhiteElo "2587"]
[BlackElo "2596"]
[PlyCount "53"]
[EventDate "2018.??.??"]
[WhiteClock "1:30:00"]
[BlackClock "1:30:00"]

1. e4 e5 2. Nf3 Nc6 3. Bb5 a6 4. Ba4 Nf6 5. O-O Bc5 6. c3 b5 7. Bc2 d5 8. d4
dxe4 9. Nxe5 Nxe5 10. dxe5 Qxd1 11. Rxd1 Ng4 12. Bxe4 Nxf2 13. Bc6+ Ke7 14. Rd5
Bb6 15. Bxa8 Nd3+ 16. Kf1 Nxc1 17. Na3 Be6 18. Rxc1 Rxa8 19. Rd3 Bf5 20. Rdd1
Be3 21. Ra1 h5 22. g3 f6 23. Re1 Bd3+ 24. Kg2 Be4+ 25. Kh3 Bf5+ 26. Kg2 Be4+
27. Kf1 1/2-1/2

[Event "CRO-Ch 2018"]
[Site "Pozega"]
[Date "2018.04.21"]
[Round "5.5"]
[White "Martinovic, Sasa"]
[Black "Bosiocic, Marin"]
[Result "1/2-1/2"]
[WhiteElo "2594"]
[BlackElo "2605"]
[PlyCount "56"]
[EventDate "2018.??.??"]
[WhiteClock "1:30:00"]
[BlackClock "1:30:00"]

1. d4 Nf6 2. c4 g6 3. Nc3 d5 4. cxd5 Nxd5 5. e4 Nxc3 6. bxc3 Bg7 7. Nf3 c5 8.
Bb5+ Nc6 9. d5 Qa5 10. Rb1 a6 11. Bxc6+ bxc6 12. dxc6 Bxc3+ 13. Bd2 Be6 14. Rc1
Bxd2+ 15. Qxd2 Qb4 16. Qxb4 cxb4 17. c7 Kd7 18. Ne5+ Kc8 19. Nc6 Kxc7 20. Nxb4+
Kd6 21. Ke2 Rhc8 22. Rhd1+ Ke5 23. Nc6+ Kf6 24. a3 Rc7 25. Rc3 Rac8 26. Rdc1 g5
27. Kd3 Rd7+ 28. Ke2 Rdc7 1/2-1/2

[Event "CRO-Ch 2018"]
[Site "Pozega"]
[Date "2018.04.21"]
[Round "5.6"]
[White "Kovacevic, Blazimir"]
[Black "Saric, Ivan"]
[Result "1-0"]
[WhiteElo "2493"]
[BlackElo "2677"]
[PlyCount "109"]
[EventDate "2018.??.??"]
[WhiteClock "1:30:00"]
[BlackClock "1:30:00"]

1. d4 Nf6 2. Nf3 c6 3. e3 g6 4. c4 Bg7 5. b4 a5 6. b5 c5 7. Be2 d5 8. Bb2 dxc4
9. Na3 c3 10. Bxc3 Nd5 11. Bb2 O-O 12. Nc4 Bf5 13. Rc1 a4 14. O-O Bd7 15. Nce5
a3 16. Ba1 cxd4 17. Bxd4 e6 18. Bc4 Re8 19. Qb3 Nb6 20. Rfd1 Nxc4 21. Nxc4 Bxd4
22. Rxd4 Qc7 23. Rdd1 Rc8 24. Qb1 Qd8 25. Nce5 f6 26. Rxc8 Qxc8 27. Nxd7 Nxd7
28. Qb4 Nf8 29. h3 Qc2 30. Rd2 Qc1+ 31. Kh2 Qc7+ 32. g3 e5 33. Kg2 Qf7 34. Rc2
Ne6 35. b6 Nd8 36. Nd2 Nc6 37. Qc4 Rd8 38. Ne4 Qxc4 39. Rxc4 Ra8 40. Nxf6+ Kf7
41. Rxc6 Rd8 42. Rc7+ Kxf6 43. Rxb7 Rd2 44. Rxh7 Rxa2 45. Ra7 Rb2 46. Rxa3 Rxb6
47. h4 Rc6 48. g4 Rb6 49. Kg3 Rc6 50. Ra7 Rc1 51. g5+ Kf5 52. Rf7+ Ke4 53. Rf6
Rg1+ 54. Kh2 Rd1 55. Kg2 1-0

[Event "CRO-Ch 2018"]
[Site "Pozega"]
[Date "2018.04.22"]
[Round "6.1"]
[White "Kuljasevic, Davorin"]
[Black "Saric, Ivan"]
[Result "1/2-1/2"]
[WhiteElo "2538"]
[BlackElo "2677"]
[PlyCount "114"]
[EventDate "2018.??.??"]
[WhiteClock "1:30:00"]
[BlackClock "1:30:00"]

1. d4 Nf6 2. c4 e6 3. Nf3 a6 4. Nc3 d5 5. cxd5 exd5 6. Bg5 Be6 7. e3 Nbd7 8. h3
h6 9. Bf4 Bf5 10. Bd3 Bxd3 11. Qxd3 Be7 12. O-O O-O 13. Ne5 c6 14. Rad1 Re8 15.
f3 Nxe5 16. Bxe5 Bd6 17. Bxd6 Qxd6 18. e4 dxe4 19. fxe4 c5 20. e5 Qxd4+ 21.
Qxd4 cxd4 22. exf6 dxc3 23. bxc3 g5 24. Rd7 b5 25. h4 gxh4 26. Rf4 Re6 27. Rc7
Rae8 28. c4 bxc4 29. Rcxc4 h3 30. gxh3 Kh7 31. Rc7 Re1+ 32. Kg2 R8e2+ 33. Kg3
Re3+ 34. Kh4 Kg6 35. Rc8 Re8 36. Rc2 R1e2 37. Rc1 Rg2 38. Rc5 Rg5 39. Rc6 a5
40. Ra6 Rh5+ 41. Kg4 Re1 42. h4 Rhe5 43. Ra8 h5+ 44. Kg3 R1e3+ 45. Kg2 Re2+ 46.
Kf1 Re1+ 47. Kg2 R5e2+ 48. Kg3 Re3+ 49. Kf2 R3e2+ 50. Kg3 Rg1+ 51. Kh3 Rh1+ 52.
Kg3 Rg1+ 53. Kh3 Rd1 54. Rf3 Rh1+ 55. Kg3 Rg1+ 56. Kh3 Rh1+ 57. Kg3 Rg1+
1/2-1/2